LEADER 01280nam a2200241 u 4500 001 000000114808 003 CaOOAMICUS 005 20150417130741.0 008 090303s1972 it af 100 u ita r 040 $aPUL$bita$dLDB 110 2 $aCentro di studi sulla spiritualitą medievale.$bConvegno$n(11 :$d1970 :$cTodi).$0(OLS)http://pul/name/70924 245 13$aLa coscienza cittadina nei comuni italiani del Duecento :$b11-14 ottobre 1970 /$cConvegni del Centro studi sulla spiritualitą medievale. 260 $aTodi :$bAccademia Tudertina,$c1972. 300 $a409 p., [15] c. di tav.$bill.$c23 cm 504 $aInclude riferimenti bibliografici. 650 4$aComuni$zItalia$ySec. XIII.$0(OLS)http://pul/subject/35107 850 $aPUL 852 $aPUL$W1$xDP1 Fondo Maccarrone$y58$m1507 B 12$j131349$qFondi$B130327$CPULBib$Z2$F130327 $H02023 $82 852 $aPUL$W1$xDP1 Fondo Capitani$y116$m11 A 6.11$j164812$qFondi$B165099$CPULBib$Z2$F165099 $HCap2621 $82 941 1 $a1 961 $aNota ms. di possesso : Capitani 996 $6245$aLa coscienza cittadina nei comuni italiani del Duecento :$b11-14 ottobre 1970$9(OLS)http://pul/title/144262 996 $6260$aTodi :$bAccademia Tudertina$9(OLS)http://pul/publisher/52361 LEADER 01289nam a2200277 a 4500 001 000000132388 003 CaOOAMICUS 005 20130122093744.0 008 130122s1995 it u001 u ita r 040 $aPUL$bita 100 1 $aLoda, Natale.$0(OLS)http://pul/name/23125 245 13$aLa collegialitą nella Chiesa con particolare riguardo alle varie forme di collegialitą episcopale /$cNatale Loda. 260 $aRoma :$bPontificia Universitą Lateranense,$c1995. 300 $a197 p. ;$c24 cm. 490 1 $aQuaderni di Apollinaris ;$v12 500 $aSul front.: Pontificium Institutum utriusque juris. 504 $aBibliografia: p. [184]-194. 650 4$aVescovi.$0(OLS)http://pul/subject/210 650 4$aCollegio episcopale.$0(OLS)http://pul/subject/9520 830 0$aQuaderni di Apollinaris ;$v12.$0(OLS)http://pul/title/55456 850 $aPUL 852 $aPUL$W1$xSL Diritto Canonico 3$y77$m262. 9 COLL 11.1.12$j152340$qDDC 21$B151691$CPULBib$Z2$F151691 $H121559 $82 941 1 $a9 996 $6245$aLa collegialitą nella Chiesa con particolare riguardo alle varie forme di collegialitą episcopale$9(OLS)http://pul/title/38806 996 $6260$aRoma :$bPontificia Universitą Lateranense$9(OLS)http://pul/publisher/47963